| 000 | 00389nam a2200145Ia 4500 | ||
|---|---|---|---|
| 008 | 150201s2007 xx 000 0 und d | ||
| 082 |
_a617.63 _bTREATMENT PLANING IN DENTISTRY |
||
| 100 | _aSTEFANCE | ||
| 245 | _aTREATMENT PLANING IN DENTISTRY | ||
| 250 | _a2ND | ||
| 260 |
_bMOSBY _aNEW DELHI _c2007 |
||
| 300 | _a1-489 | ||
| 650 | _aPREVENTIVE AND COMMUNITY DENTISTRY | ||
| 942 |
_2ddc _cBK |
||
| 999 |
_c3719 _d3719 |
||